[Event "4NCL Division 3"]
[Site "Puma Hotel, Hinckley Island E"]
[Date "2013.05.05"]
[Round "10.127"]
[White "Mossong, Hubert"]
[Black "Burke, Steven J"]
[Result "1-0"]
[WhiteElo "2152"]
[BlackElo "2006"]
[PlyCount "91"]
[EventDate "2013.03.23"]
[Source "J.Saunders"]
[SourceDate "1998.06.06"]

1. e4 e6 2. d3 d5 3. Nd2 c5 4. Ngf3 Nc6 5. g3 Nge7 6. b3 a5 7. a4 g6 8. Bb2 d4
9. Bg2 e5 10. Nc4 Bg7 11. O-O O-O 12. Ba3 b6 13. Nfd2 Rb8 14. f4 f6 15. f5 Bh6
16. Qe2 Ba6 17. Rf2 Nb4 18. Bxb4 cxb4 19. Raf1 Nc6 20. h4 g5 21. Qh5 Kg7 22.
Bf3 Rg8 23. Rh2 Qe8 24. Qg4 Kh8 25. Kf2 Rg7 26. Rfh1 Rbb7 27. Nd6 Qe7 28. Nxb7
gxh4 29. Qxh4 Bxd2 30. Nd6 h6 31. Qxh6+ Bxh6 32. Rxh6+ Rh7 33. Rxh7+ Qxh7 34.
Rxh7+ Kxh7 35. Ne8 b5 36. Nxf6+ Kg7 37. Nd7 bxa4 38. f6+ Kg8 39. bxa4 Bxd3 40.
cxd3 b3 41. Bd1 b2 42. Bb3+ Kh7 43. Ba2 Nb4 44. Bb1 Kg6 45. Nxe5+ Kxf6 46. Nc4
1-0

[Event "4NCL Division 3"]
[Site "Puma Hotel, Hinckley Island E"]
[Date "2013.05.05"]
[Round "10.135"]
[White "Tsoi, Leo Z"]
[Black "Chan, Nevil"]
[Result "1/2-1/2"]
[WhiteElo "1821"]
[BlackElo "2028"]
[PlyCount "51"]
[EventDate "2013.03.23"]
[Source "J.Saunders"]
[SourceDate "1998.06.06"]

1. e4 Nc6 2. Nf3 d6 3. d4 Nf6 4. Nc3 Bg4 5. Be2 e6 6. Bg5 Be7 7. Qd2 d5 8. e5
Nd7 9. Bxe7 Qxe7 10. O-O-O Nb6 11. Qf4 Bh5 12. g4 Bg6 13. a3 O-O-O 14. Nd2 f6
15. exf6 Qxf6 16. Qxf6 gxf6 17. Nb3 e5 18. Rhe1 a6 19. Bf3 Nxd4 20. Nxd4 exd4
21. Rxd4 c6 22. Rf4 Nd7 23. h4 h6 24. Re7 Rde8 25. Rg7 Reg8 26. Re7 1/2-1/2

[Event "4NCL Division 3"]
[Site "Puma Hotel, Hinckley Island E"]
[Date "2013.05.05"]
[Round "10.137"]
[White "Webster, Paul"]
[Black "Gooding, Ian"]
[Result "0-1"]
[WhiteElo "2001"]
[BlackElo "2035"]
[PlyCount "94"]
[EventDate "2013.03.23"]
[Source "J.Saunders"]
[SourceDate "1998.06.06"]

1. d4 d5 2. Nf3 Nf6 3. Bf4 g6 4. e3 Bg7 5. Bd3 O-O 6. O-O Nbd7 7. Nbd2 c5 8. c3
b6 9. h3 a5 10. Ne5 Nxe5 11. Bxe5 a4 12. a3 Ba6 13. Bxa6 Rxa6 14. Qe2 c4 15. e4
b5 16. Bxf6 exf6 17. Qf3 Rd6 18. exd5 Rxd5 19. Rfe1 Bh6 20. Nf1 Rd6 21. Re2 Re6
22. Rae1 Rxe2 23. Rxe2 Re8 24. Rxe8+ Qxe8 25. Ne3 Kg7 26. Kf1 Qb8 27. g3 Qd6
28. Ke2 Qe6 29. h4 Kf8 30. Kd1 Kg7 31. Ng4 Qe7 32. Nxh6 Kxh6 33. Qe3+ Qxe3 34.
fxe3 Kg7 35. Ke2 Kf8 36. Kf3 Ke7 37. Ke4 Ke6 38. Kf4 Kd5 39. h5 Ke6 40. g4 Kd5
41. e4+ Ke6 42. h6 Kd6 43. Kf3 Ke6 44. d5+ Ke5 45. Ke3 f5 46. gxf5 gxf5 47.
exf5 Kxd5 0-1

[Event "4NCL Division 3"]
[Site "Puma Hotel, Hinckley Island E"]
[Date "2013.05.05"]
[Round "10.139"]
[White "Ali, Golam S"]
[Black "Kreuzer, Christopher RL"]
[Result "1/2-1/2"]
[WhiteElo "1873"]
[BlackElo "1960"]
[PlyCount "179"]
[EventDate "2013.03.23"]
[Source "J.Saunders"]
[SourceDate "1998.06.06"]

1. d4 Nf6 2. c4 e6 3. Nf3 b6 4. Bg5 Bb4+ 5. Bd2 Be7 6. Nc3 Bb7 7. e3 c5 8. Bd3
cxd4 9. exd4 O-O 10. O-O d5 11. cxd5 Nxd5 12. Re1 Nc6 13. Rc1 Nf6 14. Bg5 h6
15. Bh4 Rc8 16. Bb1 g6 17. Qd2 Kg7 18. Rcd1 Rc7 19. Ne5 Nxe5 20. dxe5 Nd5 21.
Bxe7 Qxe7 22. Nb5 Rc5 23. Nd6 Ba8 24. f4 Kh7 25. Qf2 f5 26. a3 g5 27. fxg5 Qxg5
28. h4 Qg6 29. Ne4 Rc4 30. h5 Qg7 31. Nf6+ Nxf6 32. exf6 Rxf6 33. Rxe6 Rf4 34.
Re7 Rxf2 35. Rxg7+ Kxg7 36. Kxf2 Rf7 37. Rd6 Be4 38. Ba2 Re7 39. Rg6+ Kh7 40.
Bg8+ Kh8 41. Bc4 Kh7 42. Rd6 Rc7 43. Bb3 Re7 44. g3 Kg7 45. Ba4 Bb7 46. b4 Ba6
47. b5 Bc8 48. Bc2 Re5 49. Rc6 Be6 50. a4 Kf6 51. Bb3 Re4 52. Kf3 Ke7 53. Bxe6
Rxe6 54. Rc7+ Kf6 55. Rxa7 Kg5 56. Ra6 Re4 57. Rxb6 Rxa4 58. Rb8 Ra3+ 59. Kf2
Rb3 60. b6 Kxh5 61. b7 Rb2+ 62. Ke3 Rb4 63. Kf3 Rb3+ 64. Kf4 Rb5 65. Ke3 Rb3+
66. Kd4 Rb5 67. Kc4 Rb1 68. Kd5 Rb4 69. Kc5 Rb1 70. Kc6 Rc1+ 71. Kd6 Rb1 72.
Ke6 Rb5 73. Kf6 Rb6+ 74. Kxf5 Rb5+ 75. Kf4 Rb4+ 76. Kf3 Rb3+ 77. Kg2 Rb2+ 78.
Kh3 Rb3 79. Rc8 Rxb7 80. Rc5+ Kg6 81. Kh4 Rb4+ 82. g4 Rd4 83. Rc6+ Kg7 84. Kg3
Rd3+ 85. Kf4 Rd4+ 86. Kf5 Rd5+ 87. Kf4 Rd1 88. Ra6 Rf1+ 89. Kg3 Kg8 90. Kh3
1/2-1/2

[Event "4NCL Division 3"]
[Site "Puma Hotel, Hinckley Island E"]
[Date "2013.05.05"]
[Round "10.147"]
[White "Nicholson, Jim WR"]
[Black "Ludbrook, Matthew"]
[Result "1-0"]
[WhiteElo "2005"]
[BlackElo "1996"]
[PlyCount "75"]
[EventDate "2013.03.23"]
[Source "J.Saunders"]
[SourceDate "1998.06.06"]

1. d4 Nf6 2. Nf3 g6 3. Bg5 Bg7 4. Nbd2 O-O 5. c3 d6 6. e4 Nc6 7. Qc2 h6 8. Bh4
e5 9. dxe5 Nxe5 10. Nxe5 dxe5 11. Bc4 c6 12. a4 Qe7 13. O-O g5 14. Bg3 Nh5 15.
Rfe1 Kh8 16. Nf1 f5 17. exf5 Bxf5 18. Bd3 Bxd3 19. Qxd3 Rae8 20. Nd2 Nf4 21.
Bxf4 gxf4 22. f3 Rd8 23. Qe2 h5 24. Ne4 h4 25. h3 Rd5 26. b4 a5 27. Reb1 b6 28.
bxa5 Rxa5 29. Rxb6 Qa7 30. Qf2 Qe7 31. Rxc6 Rfa8 32. Rg6 R8a6 33. Rxa6 Rxa6 34.
a5 Bf8 35. c4 Kg7 36. c5 Qd8 37. Qb2 Qc7 38. Qb5 1-0

[Event "4NCL Division 3"]
[Site "Puma Hotel, Hinckley Island E"]
[Date "2013.05.05"]
[Round "10.148"]
[White "Scott, David A"]
[Black "McCarthy, Damian"]
[Result "1-0"]
[WhiteElo "2017"]
[BlackElo "1885"]
[PlyCount "93"]
[EventDate "2013.03.23"]
[Source "J.Saunders"]
[SourceDate "1998.06.06"]

1. d4 Nf6 2. c4 e6 3. Nc3 Bb4 4. e3 b6 5. Nge2 c5 6. a3 Ba5 7. Rb1 Na6 8. g3
Bb7 9. d5 O-O 10. Bg2 d6 11. O-O Bxc3 12. Nxc3 e5 13. e4 Ne8 14. Bh3 Bc8 15.
Bxc8 Qxc8 16. f4 f6 17. f5 Qd7 18. Be3 Kh8 19. Rf2 Rg8 20. Qh5 Rb8 21. Kh1 Rb7
22. Rbf1 Qf7 23. Qh4 Nb8 24. g4 Nd7 25. g5 fxg5 26. Bxg5 Ndf6 27. Rg1 Qh5 28.
Qg3 Qf7 29. Rfg2 a6 30. a4 Nh5 31. Qf3 Nhf6 32. Rg3 Qh5 33. Qe3 Qf7 34. Rh3 Rf8
35. Qe2 Rg8 36. Nd1 Rf8 37. Nf2 Rg8 38. Ng4 Nxg4 39. Rxg4 Nf6 40. Rgh4 a5 41.
Qf3 Rf8 42. Qb3 Qe8 43. Qd1 Kg8 44. b3 Rd7 45. Bxf6 gxf6 46. Qg4+ Rg7 47. Qxg7+
1-0

[Event "4NCL Division 3"]
[Site "Puma Hotel, Hinckley Island E"]
[Date "2013.05.05"]
[Round "10.149"]
[White "Patrick, David A"]
[Black "Stembridge, Ed"]
[Result "0-1"]
[WhiteElo "1914"]
[BlackElo "2050"]
[PlyCount "64"]
[EventDate "2013.03.23"]
[Source "J.Saunders"]
[SourceDate "1998.06.06"]

1. e4 c5 2. c3 Nf6 3. e5 Nd5 4. Bc4 e6 5. Nf3 Nc6 6. O-O d6 7. d4 Be7 8. Re1
O-O 9. a3 Qc7 10. Bd3 cxd4 11. cxd4 Bd7 12. Qe2 Rac8 13. Qe4 f5 14. exf6 Nxf6
15. Qh4 d5 16. Bg5 h6 17. Bxf6 Rxf6 18. Qh5 Rxf3 19. gxf3 Rf8 20. Qg6 Rf6 21.
Qh7+ Kf7 22. Kh1 Qf4 23. Re3 Nxd4 24. Nd2 Bd6 25. Nf1 Nxf3 26. Be2 Ng5 27. Qh8
d4 28. Bh5+ g6 29. Rg3 gxh5 30. Qa8 Bc6+ 31. f3 Qxf3+ 32. Rxf3 Bxf3+ 0-1

[Event "4NCL Division 3"]
[Site "Puma Hotel, Hinckley Island E"]
[Date "2013.05.05"]
[Round "10.155"]
[White "Maleki, Manuel"]
[Black "Reynolds, D Ian W"]
[Result "1-0"]
[WhiteElo "2297"]
[BlackElo "2031"]
[PlyCount "75"]
[EventDate "2013.03.23"]
[Source "J.Saunders"]
[SourceDate "1998.06.06"]

1. Nf3 Nf6 2. c4 g6 3. Nc3 Bg7 4. e4 d6 5. d4 O-O 6. Be2 e5 7. O-O Nc6 8. d5
Ne7 9. Nd2 Nd7 10. b4 a5 11. Ba3 f5 12. bxa5 Rxa5 13. Bb4 Ra8 14. Nb3 Nf6 15.
f3 Bh6 16. c5 Be3+ 17. Kh1 b6 18. cxd6 cxd6 19. a4 Bc5 20. Bxc5 bxc5 21. a5 Ba6
22. Bxa6 Rxa6 23. Qd3 Qc8 24. Nb5 Ne8 25. Na3 Nc7 26. Nc4 Qd8 27. Nbd2 f4 28.
Rfb1 Nc8 29. Rb7 Ra7 30. Qb3 Rf7 31. Rb8 Ra8 32. Rxa8 Nxa8 33. Qb8 Ra7 34. Nxd6
Rxa5 35. Rxa5 Qxa5 36. Qxc8+ Kg7 37. Qd7+ Kh6 38. Nf7+ 1-0

[Event "4NCL Division 3"]
[Site "Puma Hotel, Hinckley Island E"]
[Date "2013.05.05"]
[Round "10.156"]
[White "Ruthen, Stephen W"]
[Black "Thorarinsson, Pall A"]
[Result "0-1"]
[WhiteElo "2044"]
[BlackElo "2245"]
[PlyCount "114"]
[EventDate "2013.03.23"]
[Source "J.Saunders"]
[SourceDate "1998.06.06"]

1. c4 e5 2. g3 Nf6 3. Bg2 h6 4. Nc3 Bb4 5. Nd5 Nxd5 6. cxd5 O-O 7. Nf3 Re8 8.
O-O c6 9. d4 e4 10. Ne5 cxd5 11. Qb3 Qe7 12. a3 Bd6 13. Qxd5 Bxe5 14. dxe5 Qxe5
15. Qxe5 Rxe5 16. Bf4 Re8 17. Rfd1 Nc6 18. Rd6 f5 19. Bh3 g5 20. Bd2 Re6 21.
Rd5 g4 22. Bf1 Ne7 23. Rd4 a5 24. Rc1 d5 25. Rc7 Kf8 26. b4 Rc6 27. Rxc6 bxc6
28. Bxh6+ Kf7 29. Bd2 axb4 30. Bxb4 Ba6 31. e3 Ng6 32. Bd6 Bxf1 33. Kxf1 Ke6
34. Bb4 Ne5 35. Rd1 Nd3 36. Rb1 Rb8 37. Ra1 Nxb4 38. axb4 Rxb4 39. Ra8 c5 40.
Re8+ Kf7 41. Re5 Rb1+ 42. Ke2 d4 43. Rxf5+ Ke6 44. Rxc5 d3+ 45. Kd2 Rf1 46. Rc4
Rxf2+ 47. Kd1 Kd5 48. Rd4+ Ke5 49. Rd8 Re2 50. Re8+ Kf5 51. Rf8+ Kg6 52. Rg8+
Kf6 53. Rxg4 Rxe3 54. h4 Re2 55. h5 Ke5 56. Rh4 e3 57. h6 Ra2 0-1

[Event "4NCL Division 3"]
[Site "Puma Hotel, Hinckley Island E"]
[Date "2013.05.05"]
[Round "10.157"]
[White "Farkas, Daniel"]
[Black "Savage, Nicholas W"]
[Result "1-0"]
[WhiteElo "2108"]
[BlackElo "2051"]
[PlyCount "103"]
[EventDate "2013.03.23"]
[Source "J.Saunders"]
[SourceDate "1998.06.06"]

1. e4 e5 2. Nf3 Nc6 3. Bc4 Nf6 4. d3 h6 5. O-O d6 6. a4 g6 7. Be3 Bg7 8. Nbd2
O-O 9. a5 a6 10. c3 Qe7 11. Qb3 Kh7 12. Rfe1 Nh5 13. d4 f5 14. dxe5 dxe5 15.
Qa3 Qxa3 16. Rxa3 Bd7 17. Bc5 Rh8 18. Bd5 Nf4 19. Re3 Rad8 20. Ra1 Bc8 21. Bc4
Be6 22. g3 Nh3+ 23. Kg2 f4 24. Ree1 Bxc4 25. Nxc4 Ng5 26. Nxg5+ hxg5 27. Rad1
Rxd1 28. Rxd1 Rd8 29. Rxd8 Nxd8 30. Be7 Ne6 31. Kf3 Kg8 32. Kg4 Kf7 33. Bxg5
fxg3 34. fxg3 Nc5 35. Kf3 Ke6 36. Be3 Nd7 37. h3 Bf6 38. h4 Be7 39. Bf2 Nf6 40.
g4 Nh7 41. Bg3 Bd6 42. g5 c6 43. Nxd6 Kxd6 44. Kg4 Ke6 45. h5 Nf8 46. Bf2 gxh5+
47. Kxh5 Kf7 48. Bg3 Ng6 49. Bh2 Kg7 50. c4 Kh7 51. Bg3 Kg7 52. Kg4 1-0

[Event "4NCL Division 3"]
[Site "Puma Hotel, Hinckley Island E"]
[Date "2013.05.05"]
[Round "10.158"]
[White "Donaghay, Richard H"]
[Black "Agnew, Alan"]
[Result "1/2-1/2"]
[WhiteElo "1966"]
[BlackElo "2081"]
[PlyCount "71"]
[EventDate "2013.03.23"]
[Source "J.Saunders"]
[SourceDate "1998.06.06"]

1. e4 g6 2. d4 Bg7 3. Be3 d6 4. Nf3 Nd7 5. Nbd2 Ngf6 6. c3 O-O 7. Be2 e5 8. O-O
h6 9. h3 Nh5 10. dxe5 dxe5 11. Re1 Nhf6 12. Qc2 Qe7 13. Rad1 b6 14. Nh2 Bb7 15.
Ng4 Nxg4 16. Bxg4 Rfd8 17. Nf1 Nc5 18. Ng3 Ne6 19. Qc1 Kh7 20. Be2 Rf8 21. Bd3
Rfd8 22. Bc2 Qf6 23. Nf1 Rxd1 24. Rxd1 Rd8 25. Nh2 Rxd1+ 26. Qxd1 Qd8 27. Qxd8
Nxd8 28. f3 h5 29. Bb3 Bh6 30. Kf2 Bxe3+ 31. Kxe3 Kg7 32. h4 f5 33. g3 fxe4 34.
fxe4 Kf6 35. Nf3 Ne6 36. a3 1/2-1/2

[Event "4NCL Division 3"]
[Site "Puma Hotel, Hinckley Island E"]
[Date "2013.05.05"]
[Round "10.159"]
[White "Kay, Jonathan"]
[Black "Davison, Chris"]
[Result "1-0"]
[WhiteElo "1958"]
[BlackElo "1917"]
[PlyCount "109"]
[EventDate "2013.03.23"]
[Source "J.Saunders"]
[SourceDate "1998.06.06"]

1. d4 Nf6 2. Bf4 d6 3. Nd2 Nc6 4. Ngf3 Nxd4 5. Nxd4 e5 6. Bg5 exd4 7. Ne4 Be7
8. Qxd4 Nxe4 9. Qxe4 Be6 10. Bxe7 Qxe7 11. e3 c6 12. Bd3 d5 13. Qd4 O-O 14. c3
c5 15. Qe5 Rfe8 16. O-O Rad8 17. Bb5 Bd7 18. Qxe7 Rxe7 19. Bxd7 Rexd7 20. Rae1
d4 21. exd4 cxd4 22. cxd4 Rxd4 23. Re7 R4d7 24. Rxd7 Rxd7 25. Re1 Kf8 26. Kf1
Rd2 27. Re2 Rd1+ 28. Re1 Rxe1+ 29. Kxe1 Ke7 30. Ke2 Ke6 31. Kd3 Kd5 32. h4 a5
33. f4 f5 34. b3 b5 35. h5 g6 36. hxg6 hxg6 37. g3 Kc5 38. Kc3 a4 39. bxa4 bxa4
40. a3 Kd5 41. Kb4 Ke4 42. Kxa4 Kf3 43. Kb4 Kxg3 44. a4 Kxf4 45. a5 g5 46. a6
g4 47. a7 Kg3 48. a8=Q f4 49. Qb8 Kf3 50. Qb7+ Ke3 51. Qg2 f3 52. Qxg4 f2 53.
Qd1 Kf4 54. Qf1 Kg3 55. Kc3 1-0

[Event "4NCL Division 3"]
[Site "Puma Hotel, Hinckley Island E"]
[Date "2013.05.05"]
[Round "10.160"]
[White "Szymanski, Mark"]
[Black "McAleenan, Charles T"]
[Result "1/2-1/2"]
[WhiteElo "1807"]
[BlackElo "1793"]
[PlyCount "66"]
[EventDate "2013.03.23"]
[Source "J.Saunders"]
[SourceDate "1998.06.06"]

1. c4 f5 2. g3 Nf6 3. Bg2 e6 4. Nf3 d5 5. b3 Bd6 6. O-O O-O 7. Qc2 c5 8. cxd5
exd5 9. Bb2 Nc6 10. d3 Qe8 11. Nc3 Nb4 12. Qd2 d4 13. Nd1 Qh5 14. e3 dxe3 15.
Nxe3 Be6 16. Nc4 Bc7 17. a3 Nc6 18. Qg5 Qf7 19. Nfe5 Nxe5 20. Nxe5 Bxe5 21.
Bxe5 Rad8 22. Qd2 Rd7 23. Qc3 Rfd8 24. Qxc5 Rxd3 25. Qxa7 Rxb3 26. Rfb1 Ne4 27.
Rxb3 Bxb3 28. Qb6 Qd5 29. Rb1 Ba4 30. Ba1 Bc6 31. Qb2 Qf7 32. Bf3 Rd2 33. Qe5
Rd7 1/2-1/2

[Event "4NCL Division 3"]
[Site "Puma Hotel, Hinckley Island E"]
[Date "2013.05.05"]
[Round "10.165"]
[White "Sully, David J"]
[Black "Hatchett, Paul D"]
[Result "1-0"]
[WhiteElo "2100"]
[BlackElo "1945"]
[PlyCount "59"]
[EventDate "2013.03.23"]
[Source "J.Saunders"]
[SourceDate "1998.06.06"]

1. e4 b6 2. d4 Bb7 3. Bd3 e6 4. Nf3 Nf6 5. Qe2 Be7 6. Nc3 c5 7. O-O cxd4 8.
Nxd4 Nc6 9. Nxc6 Bxc6 10. e5 Nd5 11. Nxd5 Bxd5 12. Qg4 g5 13. Qh5 Qc7 14. Re1
Qc6 15. f3 O-O-O 16. Be3 Bc5 17. Kh1 g4 18. Qxg4 Rdg8 19. Qh3 Qb7 20. Bxc5 bxc5
21. b3 Rg5 22. c4 Bc6 23. Be4 Rxe5 24. Qg3 Rxe4 25. fxe4 Bxe4 26. Rad1 h5 27.
Rd2 h4 28. Qe5 Bxg2+ 29. Rxg2 Rg8 30. Qe4 1-0

[Event "4NCL Division 3"]
[Site "Puma Hotel, Hinckley Island E"]
[Date "2013.05.05"]
[Round "10.167"]
[White "Perrett, David C"]
[Black "Staniforth, Matthew"]
[Result "1-0"]
[WhiteElo "1972"]
[BlackElo "1932"]
[PlyCount "31"]
[EventDate "2013.03.23"]
[Source "J.Saunders"]
[SourceDate "1998.06.06"]

1. d4 Nf6 2. Bg5 Ne4 3. Bf4 c5 4. f3 Qa5+ 5. c3 Nf6 6. dxc5 Qxc5 7. Qd4 e6 8.
e4 Nc6 9. Qd2 d5 10. e5 Nd7 11. Be3 Qa5 12. f4 Nc5 13. b4 Nd3+ 14. Qxd3 Bxb4
15. cxb4 Qxb4+ 16. Bd2 1-0

[Event "4NCL Division 3"]
[Site "Puma Hotel, Hinckley Island E"]
[Date "2013.05.05"]
[Round "10.170"]
[White "Evans, Nicholas T"]
[Black "Gilbert, Colin"]
[Result "0-1"]
[WhiteElo "1739"]
[BlackElo "1779"]
[PlyCount "64"]
[EventDate "2013.03.23"]
[Source "J.Saunders"]
[SourceDate "1998.06.06"]

1. d4 Nf6 2. Nf3 b6 3. c4 e6 4. e3 Bb7 5. Bd3 Be7 6. Nc3 d5 7. cxd5 exd5 8. O-O
O-O 9. Bd2 Nbd7 10. Ne2 Ne4 11. Ng3 f5 12. b4 c6 13. Re1 Qe8 14. Qb3 Kh8 15.
Red1 h5 16. Ne2 g5 17. Ne5 Rf6 18. Nxd7 Qxd7 19. f3 Nxd2 20. Rxd2 Bd6 21. a3
Re8 22. Kf2 Qc7 23. Rh1 Qe7 24. Bb1 Ba6 25. Re1 Bc4 26. Qc3 Re6 27. Ng3 f4 28.
Nf5 fxe3+ 29. Rxe3 Rxe3 30. Qxe3 Qxe3+ 31. Nxe3 Rxe3 32. Kxe3 Bf4+ 0-1

[Event "4NCL Division 3"]
[Site "Puma Hotel, Hinckley Island E"]
[Date "2013.05.05"]
[Round "10.176"]
[White "Tart, Peter K"]
[Black "White, Mark W"]
[Result "1/2-1/2"]
[WhiteElo "1966"]
[BlackElo "2100"]
[PlyCount "67"]
[EventDate "2013.03.23"]
[Source "J.Saunders"]
[SourceDate "1998.06.06"]

1. e4 c5 2. Nc3 Nc6 3. Bb5 g6 4. Bxc6 dxc6 5. f4 Bg7 6. Nf3 Bg4 7. O-O Qc7 8.
d3 O-O-O 9. Qe1 Bxf3 10. Rxf3 e6 11. a4 Nf6 12. e5 Nd5 13. Ne4 Bf8 14. Qf2 b6
15. a5 Kb7 16. Bd2 Nb4 17. Be1 h6 18. Qe2 b5 19. a6+ Ka8 20. c3 Nd5 21. Bf2 Nb6
22. Bxc5 Bxc5+ 23. Nxc5 Rd5 24. d4 Qe7 25. Ne4 Rb8 26. Nf6 Rdd8 27. Ne4 Qc7 28.
b3 Nc8 29. Rd3 Qb6 30. Nc5 Qc7 31. Qf3 Rb6 32. Rad1 Ne7 33. g4 Rc8 34. b4
1/2-1/2

[Event "4NCL Division 3"]
[Site "Puma Hotel, Hinckley Island E"]
[Date "2013.05.05"]
[Round "10.177"]
[White "Flint, Martina"]
[Black "Lawson, Maurice E"]
[Result "0-1"]
[WhiteElo "1888"]
[BlackElo "1895"]
[PlyCount "148"]
[EventDate "2013.03.23"]
[Source "J.Saunders"]
[SourceDate "1998.06.06"]

1. f4 d5 2. g3 Nf6 3. Bg2 g6 4. Nf3 Bg7 5. c3 c5 6. O-O O-O 7. d3 Nc6 8. Qc2
Qb6 9. Kh1 Rd8 10. Be3 d4 11. Bg1 Be6 12. c4 Qc7 13. a3 Rab8 14. Nbd2 a5 15.
Rab1 Bc8 16. Ng5 b6 17. Nde4 h6 18. Nxf6+ exf6 19. Nf3 Re8 20. Rfe1 Bb7 21. Qd2
f5 22. Bf2 Re6 23. Kg1 Rbe8 24. b3 Qe7 25. Rb2 Kf8 26. Kf1 Qd7 27. Nh4 Nb8 28.
Nf3 Na6 29. Qc2 Qe7 30. Qd2 Kg8 31. h3 Kh7 32. Kg1 Bf6 33. h4 Bh8 34. Bf1 Rg8
35. Bh3 Re8 36. Rbb1 Bc6 37. Rb2 Qb7 38. Ne5 Bxe5 39. fxe5 Qc7 40. Qf4 Qxe5 41.
Qxe5 Rxe5 42. Bg2 Bxg2 43. Kxg2 f6 44. Kf3 Rd8 45. Rg1 g5 46. hxg5 fxg5 47. Be1
Rde8 48. Rh1 Kg6 49. Rh2 Re3+ 50. Kf2 R3e6 51. Kf1 Rf8 52. Bd2 Nb8 53. b4 axb4
54. axb4 Nd7 55. bxc5 bxc5 56. Rb5 Rb8 57. Rxb8 Nxb8 58. Kf2 Nd7 59. Rh1 Nf6
60. Ra1 Ng4+ 61. Kf3 Ne5+ 62. Kf2 Kh5 63. Rh1+ Kg4 64. Ba5 f4 65. gxf4 Kxf4 66.
Bc7 Kf5 67. Rf1 Kg6 68. Rg1 h5 69. Bd8 Ng4+ 70. Kf1 Kf5 71. Ke1 Kg6 72. Rg2 Ra6
73. Be7 Ra1+ 74. Kd2 Ne3 0-1

[Event "4NCL Division 3"]
[Site "Puma Hotel, Hinckley Island E"]
[Date "2013.05.05"]
[Round "10.178"]
[White "Cresswell, Mike J"]
[Black "Cowan, Richard M"]
[Result "1/2-1/2"]
[WhiteElo "1832"]
[BlackElo "1816"]
[PlyCount "96"]
[EventDate "2013.03.23"]
[Source "J.Saunders"]
[SourceDate "1998.06.06"]

1. e4 c6 2. d4 d5 3. Nc3 dxe4 4. Nxe4 Bf5 5. Ng3 Bg6 6. Nf3 Nd7 7. c3 Qc7 8.
Bd3 Ngf6 9. Ne2 Bxd3 10. Qxd3 O-O-O 11. Qc2 e6 12. Bf4 Bd6 13. Bxd6 Qxd6 14.
O-O-O h6 15. Ng3 g5 16. Rhe1 Qf4+ 17. Kb1 h5 18. Ne4 g4 19. Nxf6 gxf3 20. Nxd7
Rxd7 21. g3 Qf6 22. h4 Rd5 23. Re3 Rhd8 24. Rdd3 Qg6 25. Rd2 Qg4 26. Re4 Qh3
27. Qd3 e5 28. Qxf3 exd4 29. Rexd4 Rxd4 30. Rxd4 Qf1+ 31. Kc2 Rxd4 32. cxd4
Qc4+ 33. Kb1 Qf1+ 34. Kc2 Qc4+ 35. Kb1 Qxd4 36. Qf5+ Kd8 37. a3 Qd1+ 38. Ka2
Qd5+ 39. Qxd5+ cxd5 40. Kb3 f5 41. Kc3 Kd7 42. Kd4 Kd6 43. b4 b6 44. b5 Ke6 45.
f4 Kd6 46. a4 Ke6 47. Kd3 Kd7 48. Kc3 Kd6 1/2-1/2

[Event "4NCL Division 3"]
[Site "Puma Hotel, Hinckley Island E"]
[Date "2013.05.05"]
[Round "10.185"]
[White "Richardt, Mike"]
[Black "Dickson, George A"]
[Result "1/2-1/2"]
[WhiteElo "1956"]
[BlackElo "2071"]
[PlyCount "41"]
[EventDate "2013.03.23"]
[Source "J.Saunders"]
[SourceDate "1998.06.06"]

1. d4 Nf6 2. c4 g6 3. Nc3 d5 4. h4 Bg7 5. h5 Nxh5 6. cxd5 c6 7. e4 Nf6 8. dxc6
Nxc6 9. d5 Ne5 10. Be2 h5 11. f4 Neg4 12. e5 Qb6 13. Nh3 Nd7 14. Qa4 Kf8 15.
Qb5 a6 16. Qxb6 Nxb6 17. Nf2 g5 18. g3 Bf5 19. Nxg4 Bxg4 20. Be3 Bxe2 21. Kxe2
1/2-1/2

[Event "4NCL Division 3"]
[Site "Puma Hotel, Hinckley Island E"]
[Date "2013.05.05"]
[Round "10.186"]
[White "Calvert, D Ian"]
[Black "Thompson, Robert"]
[Result "0-1"]
[WhiteElo "1982"]
[BlackElo "1948"]
[PlyCount "88"]
[EventDate "2013.03.23"]
[Source "J.Saunders"]
[SourceDate "1998.06.06"]

1. b3 Nf6 2. Bb2 g6 3. Bxf6 exf6 4. c4 Bg7 5. Nc3 O-O 6. g3 f5 7. Bg2 d6 8. e3
Nd7 9. Nge2 Nf6 10. O-O Re8 11. Rc1 Rb8 12. d3 Bd7 13. Nf4 a6 14. b4 c6 15. a4
Qc7 16. b5 Qa5 17. Qb3 Rec8 18. h4 Ne8 19. d4 Nc7 20. Rfd1 Ne6 21. Nxe6 fxe6
22. b6 Be8 23. c5 dxc5 24. dxc5 Bf7 25. Ne2 Rd8 26. Rd3 e5 27. Qd1 Bf6 28.
Rxd8+ Rxd8 29. Qe1 Qxa4 30. Qc3 Qb3 31. f4 Qxc3 32. Nxc3 e4 33. Bf1 Be7 34. Na4
Bb3 35. Bc4+ Bxc4 36. Rxc4 Bf6 37. Kf2 Rd2+ 38. Kf1 Kf7 39. Rc1 Ke6 40. Rc4 Kd5
41. Rc1 a5 42. Ke1 Rd3 43. Ke2 Ra3 44. Rd1+ Ke6 0-1

[Event "4NCL Division 3"]
[Site "Puma Hotel, Hinckley Island E"]
[Date "2013.05.05"]
[Round "10.188"]
[White "Vachtfeidl, Petr"]
[Black "White, Martin J"]
[Result "1/2-1/2"]
[WhiteElo "1948"]
[BlackElo "1828"]
[PlyCount "99"]
[EventDate "2013.03.23"]
[Source "J.Saunders"]
[SourceDate "1998.06.06"]

1. e4 c5 2. Nf3 g6 3. c3 Bg7 4. d4 cxd4 5. Bc4 d3 6. O-O d6 7. Qxd3 Nc6 8. h3
Nf6 9. Rd1 Qc7 10. Na3 a6 11. Bb3 O-O 12. Be3 Na5 13. Nc4 Nxc4 14. Bxc4 b5 15.
Bd5 Nxd5 16. exd5 Bd7 17. Bd4 Rfe8 18. Bxg7 Kxg7 19. Nd4 Qc5 20. Nc2 Bf5 21.
Qd4+ Qxd4 22. Nxd4 Bd7 23. Nc2 Kf8 24. Ne3 Rac8 25. Rd4 Rc7 26. Rad1 Rb8 27. a3
Rbc8 28. f4 f6 29. g4 Kf7 30. Kg2 Rb8 31. Kg3 h6 32. h4 Rh8 33. Re1 Rh7 34. Re4
Rh8 35. Nc2 Bxg4 36. Nd4 Bc8 37. Nc6 Re8 38. Nd4 Rc4 39. Ne6 Rxe4 40. Rxe4 Bb7
41. Rd4 Rc8 42. f5 gxf5 43. Nf4 Rc4 44. Rxc4 bxc4 45. Kf2 Bc8 46. Ke3 Bd7 47.
Kd4 Bb5 48. Ne6 Kg6 49. Nf4+ Kf7 50. Ne6 1/2-1/2

[Event "4NCL Division 3"]
[Site "Puma Hotel, Hinckley Island E"]
[Date "2013.05.05"]
[Round "10.196"]
[White "Boumphrey, Luke S"]
[Black "Bucknell, Malcolm G"]
[Result "1-0"]
[WhiteElo "1971"]
[BlackElo "1939"]
[PlyCount "103"]
[EventDate "2013.03.23"]
[Source "J.Saunders"]
[SourceDate "1998.06.06"]

1. e4 c6 2. d4 d5 3. Nd2 dxe4 4. Nxe4 Bf5 5. Ng3 Bg6 6. N1e2 e6 7. Nf4 Nf6 8.
h4 Nbd7 9. h5 Bf5 10. Nxf5 Qa5+ 11. Bd2 Qxf5 12. Bd3 Qg4 13. Be2 Qf5 14. Bd3
Qg4 15. f3 Qg3+ 16. Kf1 Nd5 17. Rh3 Qxf4 18. Bxf4 Nxf4 19. Rh4 Nd5 20. Qd2 Be7
21. Rg4 g6 22. Rg3 O-O-O 23. a3 Bd6 24. Rh3 Nf4 25. Rh4 Nxh5 26. b4 Bg3 27. Rh3
Kb8 28. b5 c5 29. dxc5 Nxc5 30. Qb4 Bd6 31. Qc3 Rc8 32. b6 a6 33. Qa5 Nf4 34.
Rh4 Nfxd3 35. cxd3 Nb3 36. Qe1 Nxa1 37. Qxa1 Be7 38. Re4 Bd6 39. Qg7 Rhf8 40.
a4 h5 41. a5 h4 42. Rxh4 Bg3 43. Rc4 Rcd8 44. f4 e5 45. Qxe5+ Ka8 46. Qe3 Bh4
47. g3 Rfe8 48. Qf3 Be7 49. Rc7 Rb8 50. Qe4 Bd6 51. Rxb7 Rxe4 52. Ra7# 1-0

[Event "4NCL Division 3"]
[Site "Puma Hotel, Hinckley Island E"]
[Date "2013.05.05"]
[Round "10.205"]
[White "Stewart, Joseph J"]
[Black "Price, Andrew"]
[Result "1-0"]
[WhiteElo "2151"]
[BlackElo "1861"]
[PlyCount "79"]
[EventDate "2013.03.23"]
[Source "J.Saunders"]
[SourceDate "1998.06.06"]

1. e4 e6 2. d4 d5 3. exd5 exd5 4. Bd3 Bd6 5. Nf3 Ne7 6. O-O Bf5 7. c4 c6 8.
Bxf5 Nxf5 9. cxd5 cxd5 10. Qb3 Qd7 11. Nc3 Ne7 12. Kh1 Qc6 13. Re1 O-O 14. Ne5
Bxe5 15. Rxe5 Qa6 16. Bg5 Ng6 17. Rxd5 Nc6 18. Rd1 Rae8 19. Qb5 Qxb5 20. Rxb5
Nxd4 21. Rxb7 Ne6 22. Be3 a6 23. g3 Ne5 24. f4 Nc4 25. Bf2 Rc8 26. Nd5 Ra8 27.
Nb6 Nxb6 28. Rxb6 Rfc8 29. Rd2 a5 30. f5 Ng5 31. Re2 h5 32. h4 Nh7 33. Bd4 Rc7
34. Bc3 a4 35. a3 Rd7 36. Re4 Nf8 37. Reb4 Rc7 38. Rb8 Rca7 39. R4b7 Kh7 40.
Rxf7 1-0